Rubbers, raw- Determination of volatile matter content (Record no. 74101)

MARC details
000 -LEADER
fixed length control field 00372nam a2200121Ia 4500
245 #0 - TITLE STATEMENT
Title Rubbers, raw- Determination of volatile matter content
260 ## - PUBLICATION, DISTRIBUTION, ETC. (IMPRINT)
Place of publication Switzerland
260 ## - PUBLICATION, DISTRIBUTION, ETC. (IMPRINT)
Year of publication 1978
Name of publisher International Standards Institution
500 ## - GENERAL NOTE
General note Standard number: ISO 248
650 ## - SUBJECT ADDED ENTRY--TOPICAL TERM
Topical Term Rubber-volatile matter content
942 ## - ADDED ENTRY ELEMENTS (KOHA)
Koha item type Standards
Holdings
Withdrawn status Lost status Damaged status Not for loan Home library Current library Date acquired Koha item type
      Standards RRII Library RRII Library 31/12/2021 Standards